000 00421nam a2200133Ia 4500
008 230920s9999||||xx |||||||||||||| ||und||
020 _a9780128188828
100 _aHashmi, Muhammad
245 0 _aAntibiotics and Antimicrobial Resistance Genes in the Environment
260 _c2019
_bElsevier
650 _aEnvironmental Science 2019
856 _uhttps://www.sciencedirect.com/science/book/9780128188828
942 _cEB
999 _c315877
_d315877